Adiestramiento canino (Registro nro. 299547)

Detalles MARC
001 - NÚMERO DE CONTROL
campo de control 851242
005 - FECHA Y HORA DE LA ÚLTIMA TRANSACCIÓN
campo de control 20260506152001.0
007 - CAMPO FIJO DE DESCRIPCIÓN FÍSICA--INFORMACIÓN GENERAL
campo de control de longitud fija vd||v
008 - DATOS DE LONGITUD FIJA--INFORMACIÓN GENERAL
campo de control de longitud fija 031030s1993 spa
035 ## - NÚMERO DE CONTROL DEL SISTEMA
Número de control de sistema 851242
040 ## - FUENTE DE LA CATALOGACIÓN
Centro/agencia transcriptor comduadb
041 ## - CÓDIGO DE LENGUA
Código de lengua del texto/banda sonora o título independiente spa
080 ## - NÚMERO DE LA CLASIFICACIÓN DECIMAL UNIVERSAL
Número de la Clasificación Decimal Universal S
110 00 - ENTRADA PRINCIPAL--NOMBRE DE ENTIDAD CORPORATIVA
Nombre de entidad corporativa o nombre de jurisdicción como elemento de entrada La Tierra, los Animales y el Hombre (Programa de television)
Código de función aut
Término indicativo de función/relación Autor/a
245 10 - MENCIÓN DE TÍTULO
Título Adiestramiento canino
260 ## - PUBLICACIÓN, DISTRIBUCIÓN, ETC.
Lugar de publicación, distribución, etc. Medellín :
Nombre del editor, distribuidor, etc. Imagenes Producciones,
Fecha de publicación, distribución, etc. 1993.
300 ## - DESCRIPCIÓN FÍSICA
Extensión 1 DVD (24:15 min.) : son., col.
505 ## - NOTA DE CONTENIDO CON FORMATO
Nota de contenido con formato este DVD hace parte del "Programa la tierra los animales y el hombre" y contiene además de Adiestramiento canino, Explotación de conejos, y Los mulares.
505 80 - NOTA DE CONTENIDO CON FORMATO
Título Explotacion de conejos
505 80 - NOTA DE CONTENIDO CON FORMATO
Título Los mulares
650 ## - PUNTO DE ACCESO ADICIONAL DE MATERIA--TÉRMINO DE MATERIA
Término de materia o nombre geográfico como elemento de entrada Animales adiestrados
9 (RLIN) 22035
650 #7 - PUNTO DE ACCESO ADICIONAL DE MATERIA--TÉRMINO DE MATERIA
Término de materia o nombre geográfico como elemento de entrada Conducta animal
Fuente del encabezamiento o término lemb
9 (RLIN) 153512
650 ## - PUNTO DE ACCESO ADICIONAL DE MATERIA--TÉRMINO DE MATERIA
Término de materia o nombre geográfico como elemento de entrada Caninos
9 (RLIN) 23679
650 #7 - PUNTO DE ACCESO ADICIONAL DE MATERIA--TÉRMINO DE MATERIA
Término de materia o nombre geográfico como elemento de entrada Cría de animales
Fuente del encabezamiento o término lemb
9 (RLIN) 41766
650 ## - PUNTO DE ACCESO ADICIONAL DE MATERIA--TÉRMINO DE MATERIA
Término de materia o nombre geográfico como elemento de entrada Mulas (Equus mulus)
9 (RLIN) 18342
650 ## - PUNTO DE ACCESO ADICIONAL DE MATERIA--TÉRMINO DE MATERIA
Término de materia o nombre geográfico como elemento de entrada Cria de equinos
9 (RLIN) 156839
650 ## - PUNTO DE ACCESO ADICIONAL DE MATERIA--TÉRMINO DE MATERIA
Término de materia o nombre geográfico como elemento de entrada Criaderos
9 (RLIN) 107116
650 ## - PUNTO DE ACCESO ADICIONAL DE MATERIA--TÉRMINO DE MATERIA
Término de materia o nombre geográfico como elemento de entrada Cunicultura
9 (RLIN) 47973
700 10 - ENTRADA AGREGADA--NOMBRE PERSONAL
Nombre de persona Gallego Restrepo, Leonel
Código de función drt
Término indicativo de función/relación Director/a
9 (RLIN) 487434
787 08 - ENTRA/ENLACE A OTRAS RELACIONES
Información de relación/Frase instructiva de referencia Disponible en otros formatos
Título Adiestramiento canino
Lugar, editor y fecha de publicación 1993
Número de control del registro 825311
942 ## - ELEMENTOS DE ENTRADA AGREGADA (KOHA)
Tipo de ítem Koha Libros
Existencias
Estado de retiro Estado de pérdida Estado dañado No para préstamo Código de colección Localización permanente Ubicación/localización actual Fecha de adquisición Número de inventario Total de préstamos Signatura topográfica completa Código de barras Fecha visto por última vez Número de copia Precio válido a partir de Tipo de ítem Koha
        Colección de Audiovisuales Biblioteca de Ciudadela Robledo, Campus Medellín Biblioteca de Ciudadela Robledo, Campus Medellín 26/03/2009 C1039862   S494.5 T5 DVD1 0689320 25/04/2023 1 25/04/2023 Digital (CD-ROM, DVD, Blu-Ray, USB)